000 00259nam a22001097a 4500
008 170116b xxu||||| |||| 00| 0 eng d
020 _a9780815119845
041 _aeng
080 _a618.2
245 _aHAZARDOUS MATERIALS FOR EMS
_cCURRANCE, P
942 _2udc
_cBK
999 _c2956
_d2956